| 000 | 00528nam a2200193 a 4500 | ||
|---|---|---|---|
| 001 | 1774864617539 | ||
| 003 | YourLibrary | ||
| 005 | 20260330153038.0 | ||
| 008 | 260330s2009##################000#0#eng## | ||
| 020 | _a9781412945745 | ||
| 082 | 0 | 4 |
_a361.0071141 _bWAL |
| 100 | 1 |
_aWallace, Carolyn, _eauthor. |
|
| 245 | 1 | 0 | _aSharing Assessment in Health and Social Care : |
| 260 |
_bSAGE Publications, _c2009. |
||
| 300 | _a217 pages | ||
| 650 | 0 | _aSocial Science. | |
| 942 | _cENGLISH | ||
| 040 |
_aYourLibrary _beng _cYourLibrary |
||
| 999 |
_c618354 _d618354 |
||